01117cam a22002411 4500001001300000003000400013005001700017008004100034010001700075035001900092040004100111042001200152050002300164100004500187245025800232260003300490300005700523490009500580500006400675650004300739810007600782999001700858gs 31000270 DLC20260227111336.0780818s1930 wiuab s000 0 eng c ags 31000270  a(OCoLC)4152223 aU.S. Geol. Survey. LibrarycAzUdDLC apremarc00aQE179b.A2 no. 53c1 aWhitson, A. R.q(Andrew R.),d1870-1945.10aSoil survey of Green county,cby A. R. Whitson, T. J. Dunnewald, M. J. Edwards, Walter Vosquil and Kenneth Whitson of the Wisconsin Geological and natural history survey, and A. C. Anderson and F. J. O'Connell of the U. S. Bureau of chemistry and soils. a[Madison]bThe state,c1930. a82 p.bincl. illus., tables. fold. col. map.c23 cm.1 aWisconsin. Geological and Natural History Survey. Bulletinvno. 53c.aSoil series,vno. 22 aSoil survey in cooperation with the College of Agriculture. 0aSoil surveyszWisconsinzGreen County.2 aWisconsin Geological and Natural History Survey.tBulletin ;vno. 53-C. c26918d26918